| 000 | 01483nam0a22002771 4500 | ||
|---|---|---|---|
| 001 | rc\4025101 | ||
| 005 | 20250611061755.0 | ||
| 021 |
_aRU _b[47-16480] |
||
| 035 | _a(NLR Aleph) 008088784 | ||
| 090 |
_a9170118 _c9170118 |
||
| 100 | _a20130415d1947 |||y0rusy50 ca | ||
| 101 | 0 | _arus | |
| 102 | _aRU | ||
| 105 | _ay z ||||| | ||
| 200 | 1 |
_aМатериалы _fВсесоюз. центр. совет проф. союзов. Ком. по делам искусств при Совете министров СССР. Всесоюз. смотр спектаклей театр. самодеят. искусства рабочих и служащих на соврем. советские темы. 1947 г. |
|
| 210 |
_aМосква _cПрофиздат _d1947 _g2-я тип. Профиздата |
||
| 215 |
_a14 с. _d21 |
||
| 606 |
_aХудожественная самодеятельность _xОлимпиады и смотры _z1947 _2psbo |
||
| 606 |
_aТеатральная самодеятельность _xОлимпиады и смотры _z1947 _2psbo |
||
| 710 | 1 | 2 |
_aВсесоюзный смотр спектаклей театрального самодеятельного искусства рабочих и служащих на современные советские темы _f1947 _92644859 _3RU\NLR\AUTH\880616210 |
| 801 | 0 |
_aRU _bNLR _gpsbo |
|
| 801 | 1 |
_aRU _bELAR _2rusmarc |
|
| 852 |
_aNLR _jИс70 Г-4/103 |
||
| 942 | _cBOOK | ||
| 980 | _aNB | ||